Province confinanti meno popolose - Quiz n°10 - Statistics

Statistiche generali
  • Questo quiz è stato fatto 2 volte
  • Il punteggio medio è 7 su 10
Statistiche sulle risposte
Provincia Provincia confinante meno popolosa % Corretto
Napoli Benevento
100%
Pescara L'Aquila
100%
Monza e Brianza Lecco
100%
Ancona Macerata
100%
Matera Potenza
100%
Lucca Massa-Carrara
50%
Taranto Matera
50%
Prato Pistoia
50%
Mantova Rovigo
50%
Biella Valle d'Aosta
0%
Nessun quiz corrispondente trovato
Distribuzione punteggi
Percentuale di utenti per punteggio
Percentile per numero di risposta
I tuoi punteggi nel tempo
Non hai fatto questo quiz